The military revolution : military innovation and the rise of the West, 1500-1800 /

Bibliographic Details
Main Author: Parker, Geoffrey, 1943-
Format: Book
Language:English
Published: Cambridge [England] ; New York : Cambridge University Press, 1988.
Series:Lees Knowles lectures ; 1984.
Subjects:

MARC

Tag First Indicator Second Indicator Subfields
LEADER 00000cam a2200000 a 4500
001 in00000032389
005 20151007060515.0
008 870707s1988 enkab b 00110 eng
010 |a  87018412  
020 |a 0521326079 
035 |a (OCoLC)16276059 
035 |9 AAC1012AM 
040 |a DLC  |c DLC  |d TXA  |d UtOrBLW 
043 |a e------ 
049 |a TXAM  |c [A10938618] 
050 0 0 |a U39  |b .P37 1988 
082 0 |a 355/.0094  |2 19 
100 1 |a Parker, Geoffrey,  |d 1943- 
245 1 4 |a The military revolution :  |b military innovation and the rise of the West, 1500-1800 /  |c Geoffrey Parker. 
264 1 |a Cambridge [England] ;  |a New York :  |b Cambridge University Press,  |c 1988. 
300 |a xvii, 234 pages :  |b illustrations, maps ;  |c 26 cm. 
336 |a text  |b txt  |2 rdacontent 
337 |a unmediated  |b n  |2 rdamedia 
338 |a volume  |b nc  |2 rdacarrier 
490 1 |a The Lees Knowles lectures ;  |v 1984 
504 |a Bibliography: pages 155-216. 
500 |a Includes indexes. 
650 0 |a Military art and science  |z Europe  |x History  |y 16th century. 
650 0 |a Military art and science  |z Europe  |x History  |y 17th century. 
650 0 |a Military art and science  |z Europe  |x History  |y 18th century. 
830 0 |a Lees Knowles lectures ;  |v 1984. 
999 |a MARS 
999 f f |s 62eb5ec1-ab1a-3200-933d-2fcc29d5d98c  |i 0e3c25e9-0ff9-3b5b-8a3e-9c947b4d9700  |t 0 
952 f f |p normal  |a Texas A&M University  |b College Station  |c Sterling C. Evans Library  |d Evans: Library Stacks  |t 0  |e U39 .P37 1988  |h Library of Congress classification  |i unmediated -- volume  |m A14823689951 
952 f f |p normal  |a Texas A&M University  |b College Station  |c Sterling C. Evans Library  |d Evans: Library Stacks  |t 0  |e U39 .P37 1988  |h Library of Congress classification  |i unmediated -- volume  |m A14810938618 
998 f f |a U39 .P37 1988  |t 0  |l Evans: Library Stacks 
998 f f |a U39 .P37 1988  |t 0  |l Evans: Library Stacks